Evropská unie - Japonsko - Asie

Vzťahy medzi EÚ a Japonskom. Zintenzívnenie politického dialógu. Aktívna spolupráca - oblasť priemyslu, vedecká a technická spolupráca, oblasť životného prostredia, koordinácia politiky v otázkach konkurencie, sociálna problematika, spolupráca v obchode a investíciách. Japonsko-ázijské vzťahy a EÚ....

Celý popis

Uložené v:
Podrobná bibliografia
Hlavný autor: Kobajaši, T.
Médium: Kapitola
Jazyk:Czech
Predmet:
Tagy: Pridať tag
Žiadne tagy, Buďte prvý, kto otaguje tento záznam!

MARC

LEADER 00000naa a2200000 4500
001 r017706
005 20221208130924.3
041 0 |a cze 
044 |a CZ 
245 1 0 |a Evropská unie - Japonsko - Asie  |c T. Kobajaši 
520 |a Vzťahy medzi EÚ a Japonskom. Zintenzívnenie politického dialógu. Aktívna spolupráca - oblasť priemyslu, vedecká a technická spolupráca, oblasť životného prostredia, koordinácia politiky v otázkach konkurencie, sociálna problematika, spolupráca v obchode a investíciách. Japonsko-ázijské vzťahy a EÚ. Vzťahy medzi EÚ a Áziou. 
610 2 0 |a spolupráca hospodárska medzinárodná 
610 2 0 |a vzťahy hospodárske medzinárodné 
610 2 0 |a vzťahy politické medzinárodné 
610 2 0 |a Európska únia 
610 2 0 |a Japonsko 
610 2 0 |a Ázia 
100 1 |a Kobajaši, T.